000 00434pab a2200169 454500
008 180718b2010 xxu||||| |||| 00| 0 eng d
100 _aSurender Kumar
245 _aNorth East: Developing infrastructure
260 _c2010
300 _ap.5-8.
362 _aDec
650 _aEconomic and social development - India,North east
650 _aEconomic and social development
773 _aYojana
908 _aN
909 _a89834
999 _c89834
_d89834